| 000 | 00796nam a2200289Ia 4500 | ||
|---|---|---|---|
| 001 | 88787 | ||
| 005 | 20230411090047.0 | ||
| 008 | 000808s1981 sp 000 0 spa d | ||
| 035 | _a(OCoLC)ocm44741322 | ||
| 040 |
_aUN@ _cUN@ |
||
| 020 | _a8447302075 | ||
| 020 | _a9788447302079 | ||
| 035 | _a(OCoLC)44741322 | ||
| 082 |
_a573.2 _bL435f 1993 |
||
| 049 | _aGRAL | ||
| 100 | 1 | _aLeakey, Richard E. | |
| 245 | 1 | 3 |
_aLa formación de la humanidad / _cRichard E. Leakey. |
| 260 |
_aBarcelona : _bRBA Editores, _c1993. |
||
| 300 |
_a269 p. : _bil. |
||
| 440 | 0 | _aBiblioteca de divulgación científica. | |
| 500 | _aTâit. orig.: The making of mankind. | ||
| 650 | 4 | _aHombre prehistórico. | |
| 650 | 4 | _aEvolución humana. | |
| 942 |
_2lcc _cbk |
||
| 994 |
_aC0 _bDRFGD |
||
| 946 | _almm | ||
| 999 |
_c111769 _d111769 |
||